00453 2200145 4500245013200000250001100132100001800143650001600161005001900177260000900196041001400205084001100219500006800230336000900298 aLaporan Akhir Praktik Pengalaman Lapangan (PPL) Mahasiswa Bimbingan dan Konseling Tahun Akademik 2010/2011cShihandharu AhText aCet. 1 aShihandharu A aLaporan PPL a20231030132022 c2010 aIndonesia a378.34 aJurusan Bimbingan dan Konseling, Fakultas Ilmu Pendidikan - UNJ atext